• 首页
  • 本馆介绍
  • 公告通知
  • 最新文献
  • 馆藏检索
  • 电子资源
  • 读者导购
  • 参考咨询
  • 我的图书馆
  • 登录
  • 详细信息显示
  • 放入我的书架
  • 预约/预借图书
  • 作者相关作品
  • 分类相关作品
  • 丛书相关作品
  • 出版社相关作品

书目信息

  • 表格格式
  • 工作单格式
  • 卡片格式
书名: Literature and language teaching
作者: edited by Christopher Brumfit and Ronald Carter.
分册号:
分册名:
出版地: Oxford ;
 
出版社: Oxford University Press
出版时间: 1986.
页数: xi, 289 p. :
开本: 22 cm.
丛书名:
中图分类号:
科图分类号:
其他分类号: H319-53
主题词:
电子资源:
000 00883nam 2200265 a 4504
001 E0751332296
005 20070225141834.96
008 870922s1986 enka b 000 0 eng c
010    @a87177312 //r88
020    @a0194370828 (pbk.).
040    @aMH@cHLS@dDLC@dUKM
050 00 @aP51@b.L58 1986
082 0  @a407 @2 19
090    @aK550.33/W3
090    @aH319-53
099    @dH319-53@ex9
245 00 @aLiterature and language teaching / @cedited by Christopher Brumfit and Ronald Carter.
260    @aOxford ;@aNew York :@bOxford University Press,@c1986.
300    @axi, 289 p. :@bill. ;@c22 cm.
504    @aIncludes bibliographical references (p. [283]-289)
650  0 @aPhilology@xStudy and teaching.
650  0 @aEnglish philology@xStudy and teaching.
700 1  @aBrumfit, Christopher.
700 1  @aCarter, Ronald,@d1947-
920    @a232010@z2
    
    Literature and language teaching / / edited by Christopher Brumfit and Ronald Carter.-Oxford ; ; New York : : Oxford University Press, , 1986.
    xi, 289 p. : : ill. ; ; 22 cm.
    Includes bibliographical references (p. [283]-289)
    
    ISBN 0194370828 (pbk.).
    
●
相关链接 在E读中查询图书 在五车中查询图书 在当当中查询图书 在豆瓣中查询图书


正题名:Literature and language teaching     索取号:H319-53/x9         预约/预借

序号 登录号 条形码 馆藏地/架位号 状态 备注
1 183731   001200337   第二样本阅览室/ [索取号:H319-53/x9] 在馆    
2 183732   001200355   第四借阅区/ [索取号:H319-53/x9] 在馆    
唐山师范学院图书馆 欢迎您!
大连网信软件有限公司© 版权所有